000 nam a22 7a 4500
999 _c8443
_d8443
008 180116b ||||| |||| 00| 0 eng d
100 _94844
_aBOAN RUSKIN
245 _aRUSTY RUNS AWAY
260 _aHARYANA
_bPENGUIN
_c2014